[Event "BI-2013-F-0008"]
[Site "LSS email"]
[Date "2014.02.21"]
[Round "?"]
[White "De Oliveira, Marcio Barbosa"]
[Black "Kuzmin, Konstantin"]
[Result "1/2-1/2"]
[WhiteElo "2192"]
[BlackElo "2167"]
[PlyCount "78"]
[EventDate "2014.02.27"]
[EventType "tourn (corr)"]
[EventRounds "10"]
[EventCountry "GER"]
[SourceTitle "Corr 2015"]
[Source "ChessBase"]
[SourceDate "2015.07.17"]
[SourceVersion "1"]
[SourceVersionDate "2015.07.17"]
[SourceQuality "1"]

1. Nf3 Nf6 2. c4 c5 3. Nc3 g6 4. e4 Nc6 5. d4 cxd4 6. Nxd4 Bg7 7. Be3 Ng4 8. Qxg4 Nxd4 9. Qd1 Ne6 10. Rc1 0-0 11. Be2 b6 12. 0-0 Bb7 13. Qd2 Nc5 14. f3 a5 15. Bd4 Bxd4+ 16. Qxd4 Qc7 17. Rfd1 d6 18. Qe3 f5 19. exf5 Rxf5 20. Nd5 Bxd5 21. cxd5 Re5 22. Qd2 Qd7 23. f4 Re4 24. g3 Qf5 25. Bf1 Rf8 26. Bg2 Rb4 27. b3 Qf6 28. h4 h6 29. Qe2 g5 30. fxg5 hxg5 31. Rf1 Qd4+ 32. Kh2 Qe5 33. Qxe5 dxe5 34. Rc4 gxh4 35. gxh4 Rxf1 36. Bxf1 Kg7 37. Kh3 Ne4 38. Rc7 a4 39. Rxe7+ Kf6 1/2-1/2

[Event "BI-2013-F-0008"]
[Site "LSS email"]
[Date "2014.02.21"]
[Round "?"]
[White "De Oliveira, Marcio Barbosa"]
[Black "Obukhov, Gennady Nikolaevich"]
[Result "1/2-1/2"]
[WhiteElo "2192"]
[BlackElo "1831"]
[PlyCount "102"]
[EventDate "2014.02.27"]
[EventType "tourn (corr)"]
[EventRounds "10"]
[EventCountry "GER"]
[SourceTitle "Corr 2015"]
[Source "ChessBase"]
[SourceDate "2015.07.17"]
[SourceVersion "1"]
[SourceVersionDate "2015.07.17"]
[SourceQuality "1"]

1. e4 d5 2. exd5 Nf6 3. d4 Bg4 4. Bb5+ c6 5. dxc6 Nxc6 6. Nf3 Qb6 7. Nc3 0-0-0 8. Bxc6 Qxc6 9. Qe2 a6 10. Be3 e6 11. 0-0 Bb4 12. Nb1 Bxf3 13. Qxf3 Qxf3 14. gxf3 b6 15. c3 Be7 16. Nd2 Nd5 17. a4 Kb7 18. Nc4 Rhf8 19. Kg2 Rc8 20. Ne5 Bd6 21. f4 Ne7 22. Rfe1 f6 23. Nd3 Rfe8 24. Bd2 Nf5 25. f3 Kc6 26. Rac1 Kd7 27. a5 b5 28. Re4 Ke7 29. Rce1 Kf7 30. b4 Nh4+ 31. Kg3 Nf5+ 32. Kf2 Bf8 33. Nc5 Bxc5 34. dxc5 Rcd8 35. R1e2 Rd3 36. Be1 h6 37. Rd2 Rxd2+ 38. Bxd2 Rd8 39. Ke2 Ne7 40. c4 bxc4 41. Rxc4 Nc6 42. Be1 Ke8 43. Rc1 Ne7 44. Rb1 Nd5 45. f5 exf5 46. b5 axb5 47. Rxb5 Kd7 48. Rb7+ Kc6 49. Rxg7 Re8+ 50. Kd2 Ra8 51. Kd3 Kxc5 1/2-1/2

[Event "BI-2013-F-0008"]
[Site "LSS email"]
[Date "2014.02.21"]
[Round "?"]
[White "De Oliveira, Marcio Barbosa"]
[Black "Von der Heydt, Hans Joachim"]
[Result "1-0"]
[WhiteElo "2192"]
[BlackElo "1982"]
[PlyCount "117"]
[EventDate "2014.02.27"]
[EventType "tourn (corr)"]
[EventRounds "10"]
[EventCountry "GER"]
[SourceTitle "Corr 2015"]
[Source "ChessBase"]
[SourceDate "2015.07.17"]
[SourceVersion "1"]
[SourceVersionDate "2015.07.17"]
[SourceQuality "1"]

1. e4 e5 2. Nf3 Nc6 3. Bb5 a6 4. Ba4 Nf6 5. 0-0 Be7 6. Re1 b5 7. Bb3 d6 8. c3 0-0 9. h3 Na5 10. Bc2 c5 11. d4 Qc7 12. Nbd2 cxd4 13. cxd4 Nc6 14. Nb3 a5 15. Be3 Be6 16. d5 Nb4 17. Rc1 Bd7 18. Bb1 Qb8 19. Bd2 a4 20. Bxb4 axb3 21. Qxb3 Bd8 22. Qc3 Ra6 23. Qd2 Nh5 24. Kh2 Nf4 25. a3 h6 26. Re3 Ra4 27. Rec3 Bb6 28. Ng1 Ng6 29. Bd3 Nf4 30. Bc2 Ra8 31. Bb1 Ba5 32. Bxa5 Rxa5 33. g3 Nh5 34. Nf3 Ra4 35. Ne1 Rd4 36. Qe2 Nf6 37. b4 Rc4 38. Rxc4 bxc4 39. Qa2 Qb6 40. Rxc4 Ra8 41. Rc3 Qb5 42. g4 Qf1 43. Ng2 Qd1 44. f3 h5 45. g5 Nh7 46. h4 Nf8 47. Qc2 Qd4 48. Qc1 Ng6 49. Bd3 Kh7 50. b5 Qb6 51. Qg1 Qa5 52. Rb3 Rb8 53. Qe1 Qa7 54. Bf1 Qc5 55. a4 Qc2 56. Rb4 Nf4 57. Kg3 Nxg2 58. Bxg2 f6 59. gxf6 1-0

[Event "BI-2013-F-0008"]
[Site "LSS email"]
[Date "2014.02.21"]
[Round "?"]
[White "Zavrazhnov, Andrey Anatolievich"]
[Black "De Oliveira, Marcio Barbosa"]
[Result "1/2-1/2"]
[WhiteElo "2175"]
[BlackElo "2192"]
[PlyCount "60"]
[EventDate "2014.02.27"]
[EventType "tourn (corr)"]
[EventRounds "10"]
[EventCountry "GER"]
[SourceTitle "Corr 2015"]
[Source "ChessBase"]
[SourceDate "2015.07.17"]
[SourceVersion "1"]
[SourceVersionDate "2015.07.17"]
[SourceQuality "1"]

1. e4 c5 2. Nf3 Nc6 3. Bb5 g6 4. Bxc6 bxc6 5. 0-0 Bg7 6. Re1 Nh6 7. c3 0-0 8. h3 f6 9. d4 cxd4 10. cxd4 d6 11. Bf4 Nf7 12. Nbd2 e5 13. dxe5 fxe5 14. Be3 d5 15. Bc5 Re8 16. Qa4 Bd7 17. Red1 a5 18. Rac1 Qc7 19. Nb3 Rec8 20. Rc2 Rcb8 21. Ne1 Ng5 22. Nd2 Ne6 23. Nd3 Be8 24. Re1 Rb5 25. Rc3 Nxc5 26. Rxc5 Rxc5 27. Nxc5 Qd6 28. Qc2 Bf7 29. b3 Bf8 30. Nd3 Bg7 1/2-1/2

[Event "WC-2016-Q-00014"]
[Site "LSS email"]
[Date "2013.10.22"]
[Round "?"]
[White "Bergmann, Michael"]
[Black "De Oliveira, Marcio Barbosa"]
[Result "1-0"]
[WhiteElo "2402"]
[BlackElo "2191"]
[PlyCount "115"]
[EventDate "2013.10.27"]
[EventType "tourn (corr)"]
[EventRounds "12"]
[EventCountry "GER"]
[SourceTitle "Corr 2015"]
[Source "ChessBase"]
[SourceDate "2015.07.17"]
[SourceVersion "1"]
[SourceVersionDate "2015.07.17"]
[SourceQuality "1"]

1. e4 c5 2. Nf3 d6 3. d4 cxd4 4. Nxd4 Nf6 5. Nc3 a6 6. Be3 e5 7. Nb3 Be7 8. f3 Be6 9. Qd2 0-0 10. 0-0-0 Nbd7 11. g4 b5 12. g5 b4 13. Ne2 Ne8 14. f4 a5 15. f5 a4 16. Nbd4 exd4 17. Nxd4 b3 18. Kb1 bxc2+ 19. Nxc2 Nc7 20. fxe6 Nxe6 21. h4 Ne5 22. Nb4 Rb8 23. Nd5 Qd7 24. Rc1 Bd8 25. Rc2 Re8 26. Qc3 Nc5 27. Bxc5 dxc5 28. Qxc5 Qg4 29. a3 Qxe4 30. Bg2 Nd3 31. Qc3 Qf5 32. Rf1 Qg6 33. h5 Qa6 34. Qd4 Ne1 35. Qf2 Ba5 36. Qxf7+ Kh8 37. h6 gxh6 38. Be4 Rxe4 39. Nf6 Re7 40. Qxe7 Qd3 41. Rxe1 Bc3 42. Qxh7+ Qxh7 43. Nxh7 Bxe1 44. Nf6 Kg7 45. Rc7+ Kg6 46. Nd7 Ra8 47. gxh6 Kxh6 48. Rc4 Bf2 49. Nf6 Be1 50. Nd5 Ra6 51. Re4 Bd2 52. Kc2 Rd6 53. Kxd2 Rxd5+ 54. Kc3 Ra5 55. b3 axb3 56. Kxb3 Kg5 57. Kb4 Ra7 58. a4 1-0

[Event "WC-2016-Q-00014"]
[Site "LSS email"]
[Date "2013.10.22"]
[Round "?"]
[White "Cornel, Matei"]
[Black "De Oliveira, Marcio Barbosa"]
[Result "1/2-1/2"]
[WhiteElo "2357"]
[BlackElo "2191"]
[PlyCount "51"]
[EventDate "2013.10.27"]
[EventType "tourn (corr)"]
[EventRounds "12"]
[EventCountry "GER"]
[SourceTitle "Corr 2015"]
[Source "ChessBase"]
[SourceDate "2015.07.17"]
[SourceVersion "1"]
[SourceVersionDate "2015.07.17"]
[SourceQuality "1"]

1. e4 c5 2. Nf3 Nc6 3. Nc3 d6 4. d4 cxd4 5. Nxd4 Nf6 6. Bg5 e6 7. Qd2 a6 8. 0-0-0 h6 9. Be3 Be7 10. f3 Nxd4 11. Bxd4 b5 12. Kb1 e5 13. Bf2 Be6 14. g4 Qc7 15. h4 d5 16. exd5 Rd8 17. Qe3 Nxd5 18. Nxd5 Bxd5 19. Bd3 0-0 20. g5 Qc6 21. gxh6 Bxf3 22. Rhg1 g6 23. Rde1 Bf6 24. Be2 Be4 25. Bd3 Bxd3 26. cxd3 1/2-1/2

[Event "WC-2016-Q-00014"]
[Site "LSS email"]
[Date "2013.10.22"]
[Round "?"]
[White "De Oliveira, Marcio Barbosa"]
[Black "Cornel, Matei"]
[Result "1/2-1/2"]
[WhiteElo "2191"]
[BlackElo "2357"]
[PlyCount "38"]
[EventDate "2013.10.27"]
[EventType "tourn (corr)"]
[EventRounds "12"]
[EventCountry "GER"]
[SourceTitle "Corr 2015"]
[Source "ChessBase"]
[SourceDate "2015.07.17"]
[SourceVersion "1"]
[SourceVersionDate "2015.07.17"]
[SourceQuality "1"]

1. d4 d5 2. c4 c6 3. Nf3 Nf6 4. Nc3 e6 5. Bg5 h6 6. Bxf6 Qxf6 7. e3 Nd7 8. Bd3 dxc4 9. Bxc4 Bd6 10. 0-0 0-0 11. Ne4 Qe7 12. Nxd6 Qxd6 13. Rc1 b6 14. Qe2 a5 15. Rfd1 Bb7 16. Bd3 Rfd8 17. a3 Rac8 18. Rc2 Qb8 19. Ba6 Bxa6 1/2-1/2

[Event "WC-2016-Q-00014"]
[Site "LSS email"]
[Date "2013.10.22"]
[Round "?"]
[White "De Oliveira, Marcio Barbosa"]
[Black "Loginov, Pavel"]
[Result "1-0"]
[WhiteElo "2191"]
[BlackElo "1888"]
[PlyCount "91"]
[EventDate "2013.10.27"]
[EventType "tourn (corr)"]
[EventRounds "12"]
[EventCountry "GER"]
[SourceTitle "Corr 2015"]
[Source "ChessBase"]
[SourceDate "2015.07.17"]
[SourceVersion "1"]
[SourceVersionDate "2015.07.17"]
[SourceQuality "1"]

1. e4 e5 2. Nf3 Nc6 3. Bb5 a6 4. Ba4 Nf6 5. 0-0 Be7 6. Re1 b5 7. Bb3 d6 8. c3 0-0 9. h3 Na5 10. Bc2 c5 11. d4 Qc7 12. d5 Bd7 13. b3 Nb7 14. c4 bxc4 15. bxc4 Rab8 16. Nbd2 Na5 17. Bd3 Rb4 18. Ba3 Rb7 19. Nf1 Rfb8 20. Ne3 Bd8 21. Bc1 Qb6 22. Bd2 Qb2 23. Rc1 Qa3 24. Bc3 Ne8 25. Nd2 Nf6 26. Qe2 Be7 27. Nb1 Qa4 28. Red1 Bd8 29. Bc2 Rb2 30. Bxb2 Rxb2 31. Bxa4 Rxe2 32. Bxd7 Nxd7 33. Rd2 Rxd2 34. Nxd2 Kf8 35. Kf1 g6 36. Rc3 Nf6 37. Ra3 Ke7 38. g3 Nd7 39. Nb3 Nxb3 40. Rxb3 h5 41. Ke2 Ke8 42. f3 Nb6 43. Kd3 Kd7 44. g4 h4 45. Ra3 a5 46. Rxa5 1-0